000 00403nam a2200157Ia 4500
008 240404s9999 xx 000 0 und d
020 _a9788194471509
041 _aEnglish
082 _a340.1  SIN;1  R
100 _aSingh, Avtar. Kaur, Harpreet.
245 0 _aIntroduction to jurisprudence
250 _a5th ed.
260 _c2020
_bLexis Nexis
_aHaryana
300 _axxxvi, 400
942 _cAA
999 _c296370
_d296370